| 000 | 01102cam a22003257a 4500 | ||
|---|---|---|---|
| 003 | CHAP | ||
| 005 | 20220329133915.0 | ||
| 008 | 971013s1970 r 00010 d | ||
| 010 | _a12547 | ||
| 011 | _a13519 | ||
| 035 | _a17591 | ||
| 040 | _cCHAP | ||
| 090 | _aFolleto 14334 | ||
| 100 |
_aRangel, Juan Manuel. _994636 |
||
| 245 | 0 | _aAnálisis de precios de pollos de engorda en el mercado del Distrito Federal | |
| 260 |
_aChapingo, Méx. : _bENA. Colegio de Postgraduados. Centro de Economía Agrícola, _c1970 |
||
| 300 | _a57 h. | ||
| 590 |
_aBATCH-UPD _b10 _c20130110 _lUCH01 _h0025 |
||
| 590 |
_aBATCH-UPD _b10 _c20130110 _lUCH01 _h1706 |
||
| 590 |
_aBATCH-UPD _b10 _c20130409 _lUCH01 _h2006 |
||
| 590 |
_aBATCH-UPD _b10 _c20130914 _lUCH01 _h0441 |
||
| 590 |
_aCONVERSION _b10 _c20130109 _lUCH01 _h1308 |
||
| 650 | 1 | 4 |
_aAves de corral _xEngorda. _98647 |
| 650 | 1 | 4 |
_aAves de corral _xMercadeo _xMéxico (D.F.) _98663 |
| 650 | 1 | 4 |
_aAves de corral _xPrecios. _98676 |
| 700 | 0 |
_aStevenson, James. _9109743 |
|
| 901 | _aBK | ||
| 942 | _cFOLL | ||
| 949 |
_aFolleto 14334 _bBC _cFOLL _d-41395 _eUACH _i17591 _si |
||
| 999 |
_c12547 _d12547 |
||